000 00386nam a2200145Ia 4500
008 230718s9999 xx 000 0 und d
041 _aeng
082 _a658
_bMAR
100 _aMarkham U.
_9145758
245 _aHow To Deal With Difficult People
260 _c1997
_bHarper And Rao
365 _cRs.
_b95.00
700 _aMarkham U.
_9145758
906 _dB:368121-Mar-2000
_cMGMT
_b14.25
999 _c300206
_d300206